000 00556nam a2200217Ia 4500
003 OSt
005 20220928145602.0
006 a|||||r|||| 00| 0
007 ta
008 220927b |||||||| |||| 00| 0 eng d
024 _a81219
037 _cTextual
040 _aSDCL
_cSDCL
_beng
041 _2eng
_aeng
082 _aVv73'N, L2
100 _aBenson Lee
_9513432
245 0 _aToward the scientific study of history
_b Selected essays.
260 _c1972
942 _hVv73'N, L2
_cTEXL
_2CC
999 _c834087
_d834087